| 000 | 00382nam a2200145 i 4500 | ||
|---|---|---|---|
| 001 | 45932 | ||
| 003 | ES-MaACL | ||
| 005 | 20230906161313.0 | ||
| 007 | t| | ||
| 008 | 030327s1928 sp ||||1| spa d | ||
| 245 | 0 | 0 | _aComité Interventor del Mercado Búrsatil de Barcelona. |
| 260 |
_aBarcelona : _bE. Subirana, _c1928. |
||
| 300 |
_a2 v. ; _c25 cm. |
||
| 852 |
_aES-MaACL _jF-11352-3 |
||
| 999 |
_c45932 _d45932 |
||